<?xml version="1.0" encoding="UTF-8"?>
<collection xmlns="http://www.loc.gov/MARC21/slim">
 <record>
  <leader>00889nam a2200253   4500</leader>
  <controlfield tag="001">1/52339</controlfield>
  <controlfield tag="008">780919t19761969xxua     b    000 0 eng d</controlfield>
  <datafield tag="010" ind1=" " ind2=" ">
   <subfield code="a">   76018300</subfield>
  </datafield>
  <datafield tag="020" ind1=" " ind2=" ">
   <subfield code="a">0678065071</subfield>
  </datafield>
  <datafield tag="035" ind1=" " ind2=" ">
   <subfield code="a">LIAS656090</subfield>
  </datafield>
  <datafield tag="035" ind1=" " ind2=" ">
   <subfield code="a">(OCoLC)2284160</subfield>
  </datafield>
  <datafield tag="040" ind1=" " ind2=" ">
   <subfield code="c">PSt</subfield>
   <subfield code="d">WaOLN</subfield>
   <subfield code="d">UtOrBLW</subfield>
  </datafield>
  <datafield tag="050" ind1="1" ind2="0">
   <subfield code="a">HB99.3</subfield>
   <subfield code="b">.N39 1976</subfield>
  </datafield>
  <datafield tag="082" ind1="0" ind2=" ">
   <subfield code="a">330.15'5</subfield>
  </datafield>
  <datafield tag="100" ind1="1" ind2=" ">
   <subfield code="a">Nath, S. K.</subfield>
  </datafield>
  <datafield tag="245" ind1="1" ind2="2">
   <subfield code="a">A reappraisal of welfare economics /</subfield>
   <subfield code="c">S. K. Nath.</subfield>
  </datafield>
  <datafield tag="260" ind1=" " ind2="4">
   <subfield code="c">©1969</subfield>
  </datafield>
  <datafield tag="260" ind1=" " ind2="1">
   <subfield code="a">London :</subfield>
   <subfield code="b">Routledge &amp; Kegan Paul ;</subfield>
   <subfield code="a">Fairfield, N.J. :</subfield>
   <subfield code="b">A. M. Kelly,</subfield>
   <subfield code="c">1976.</subfield>
  </datafield>
  <datafield tag="300" ind1=" " ind2=" ">
   <subfield code="a">vii, 247 pages :</subfield>
   <subfield code="b">illustrations ;</subfield>
   <subfield code="c">23 cm</subfield>
  </datafield>
  <datafield tag="500" ind1=" " ind2=" ">
   <subfield code="a">A revised version of the author's thesis, University of London, 1964.</subfield>
  </datafield>
  <datafield tag="504" ind1=" " ind2=" ">
   <subfield code="a">Includes bibliographies and index.</subfield>
  </datafield>
  <datafield tag="583" ind1=" " ind2="1">
   <subfield code="a">committed to retain</subfield>
   <subfield code="c">20170930</subfield>
   <subfield code="d">20430101</subfield>
   <subfield code="f">HathiTrust</subfield>
   <subfield code="u">https://www.hathitrust.org/shared_print_program</subfield>
   <subfield code="5">PSt</subfield>
  </datafield>
  <datafield tag="650" ind1=" " ind2="0">
   <subfield code="a">Welfare economics.</subfield>
  </datafield>
  <datafield tag="960" ind1=" " ind2=" ">
   <subfield code="a">GEORGE</subfield>
  </datafield>
 </record>
</collection>
